000 01693nam a22002057a 4500
003 DO-CoUTE
005 20260520150025.0
008 260520b dr ||||| |||| 00| 0 spa d
040 _aDO-CoUTE
_bspa
_cDO-CoUTE
082 _aRD860.9AN629D
100 1 _aAntigua, Kianny N.
_eAutor
245 1 0 _a10 Dominicanas de letras :
_bHomenaje y Antología /
_cKianny N. Antigua
260 _aRepública Dominicana ;
_c2019
300 _a140 páginas :
_c22cm,
504 _a Incluye referencia bibliográfica e índice.
520 _a10 dominicanas de letras. Homenaje & antología es una oda, un aliciente literario. Este texto reúne a diez transcendentales escritoras dominicanas que han residido o residen en el extranjero. Ellas son Camila Henríquez Ureña, Rhina Espaillat, Mélida García, Osiris Mosquea, Josefina Báez, Aurora Arias, Yrene Santos, Marianela Medrano, Rosa Silverio y Sussy Santana. Además de incluir poesía, cuento y microcuento de estas escritoras, el libro también contiene textos literarios, de ficción y anecdóticos que celebran la grandeza, el talento o algún aspecto especial en la vida de estas escritoras. Homenajes escritos por escritores y escritoras también con excelsas trayectorias literarias. Es un privilegio poner en sus manos textos que varían en género, en épocas, corrientes literarias, estilos, motivaciones y temas; textos de y para mujeres de letras que, a través de su talento, de su arte, de su educación, de su persistencia, de su fuerza, de su amor y respeto por la palabra se han convertido en pilares de nuestra literatura.
650 4 _aHomenaje y antologia
700 1 _aKianny N. Antigua
_eAutor
942 _2ddc
_cBK
999 _c24211
_d24211